Welcome to the Holygrace Academy Library

Please use search bar below to get started

THE GREAT INDIA CHALLENGE (Record no. 3401)

MARC details
000 -LEADER
fixed length control field 00302nam a22001337a 4500
020 ## - INTERNATIONAL STANDARD BOOK NUMBER
ISBN 978-81-84-77666-9
082 ## - DEWEY DECIMAL CLASSIFICATION NUMBER
Classification number 823
Item number ZUT/G
100 ## - MAIN ENTRY--AUTHOR NAME
Personal name ZUTSHI, VINITA
245 ## - TITLE STATEMENT
Title THE GREAT INDIA CHALLENGE
260 ## - PUBLICATION, DISTRIBUTION, ETC. (IMPRINT)
Place of publication UK
Name of publisher SCHOLASTIC
Year of publication 2011
300 ## - PHYSICAL DESCRIPTION
Number of Pages 86
650 ## - SUBJECT ADDED ENTRY--TOPICAL TERM
Topical Term ENGLISH SHORT STORY
Geographic subdivision UK
942 ## - ADDED ENTRY ELEMENTS (KOHA)
Koha item type Books
Holdings
Withdrawn status Lost status Collection code Home library Current library Shelving location Date acquired Source of acquisition Full call number Accession Number Koha item type
    Fiction Main Library Main Library SHELF 3- E- ENGLISH CHILDRENS LITERATURE &MYTHOLOGY 06/10/2015 PURCHASE 823 ZUT/G 04895 Books